Pokémon - Légendaire - Statistiques

Statistiques générales
  • Ce quiz a été pris 496 fois
    170 depuis la dernière actualisation
  • Le résultat moyen est 66 sur 111
Statistiques - réponses
Numéro Pokémon % Correct
3 Sulfura
97%
1 Artikodin
95%
5 Mew
94%
4 Mewtwo
94%
9 Lugia
91%
26 Palkia
90%
25 Dialga
89%
2 Électhor
89%
7 Entei
89%
10 Ho-Oh
88%
8 Suicune
88%
29 Giratina
87%
19 Rayquaza
87%
43 Zekrom
87%
18 Groudon
85%
6 Raikou
85%
42 Reshiram
85%
17 Kyogre
83%
35 Arceus
82%
11 Célébi
81%
24 Créfadet
80%
23 Créfollet
79%
22 Créhelf
79%
45 Kyurem
79%
15 Latias
77%
16 Latios
77%
49 Xerneas
77%
14 Registeel
76%
50 Yveltal
76%
33 Darkrai
75%
20 Jirachi
74%
64 Lunala
74%
13 Regice
74%
12 Regirock
74%
51 Zygarde
74%
63 Solgaleo
73%
21 Deoxys
72%
28 Regigigas
72%
44 Démétéros
70%
30 Cresselia
69%
36 Victini
68%
39 Viridium
68%
40 Boréas
67%
46 Keldeo
67%
38 Terrakium
67%
37 Cobaltium
66%
41 Fulguris
66%
34 Shaymin
64%
82 Zacian
62%
61 Cosmog
61%
27 Heatran
61%
32 Manaphy
61%
72 Necrozma
61%
57 Tokorico
61%
31 Phione
60%
60 Tokopisco
60%
59 Tokotoro
60%
62 Cosmovum
59%
54 Volcanion
56%
84 Éthernatos
54%
66 Mouscoto
54%
58 Tokopiyon
54%
53 Hoopa
53%
70 Katagami
53%
98 Koraidon
52%
47 Meloetta
52%
52 Diancie
51%
48 Genesect
51%
77 Ama-Ama
50%
68 Câblifère
50%
67 Cancrelove
50%
71 Engloutyran
50%
73 Magearna
50%
99 Miraidon
50%
65 Zéroïd
50%
69 Bamboiselle
47%
79 Zeraora
46%
75 Vémini
44%
97 Yuyu
44%
76 Mandrillon
43%
74 Marshadow
43%
78 Pierroteknik
41%
86 Shifours
41%
91 Spectreval
41%
92 Sylveroy
41%
55 Type:0
41%
81 Melmetal
40%
56 Silvallié
40%
90 Blizzeval
39%
89 Regidrago
39%
88 Regieleki
39%
85 Wushours
39%
87 Zarude
39%
95 Baojian
38%
96 Dinglu
38%
80 Meltan
38%
93 Amovénus
37%
110 Terapagos
37%
105 Ogerpon
36%
94 Chongjian
33%
111 Pêchaminus
31%
83 Zamazanta
31%
102 Félicanis
30%
103 Fortusimia
29%
107 Ire-Foudre
27%
104 Favianos
26%
109 Chef-de-Fer
25%
101 Vert-de-Fer
25%
100 Serpente-Eau
23%
106 Feu-Perçant
22%
108 Roc-de-Fer
21%
Aucun quiz correspondant
Distribution des résultats
% des personnes avec chaque résultat
Percentile par nombre de réponses
Votre historique - résultats
Vous n’avez pas pris ce quiz depuis la dernière actualisation